|
|
|
|
| LEADER |
00751nab a2200229 i 4500 |
| 001 |
misc64776 |
| 005 |
20240918104749.0 |
| 008 |
230712s1949 hu o 000 fre d |
| 040 |
|
|
|a SZTE Miscellanea Repozitórium
|b hun
|
| 041 |
|
|
|a fre
|
| 100 |
1 |
|
|a Sinor Dénes
|
| 245 |
1 |
3 |
|a Le verbe mandjou
|h [elektronikus dokumentum] /
|c Sinor Dénes
|
| 260 |
|
|
|a Klincksieck
|b Paris
|c 1949
|
| 300 |
|
|
|a 146-156
|c 24 cm
|
| 300 |
|
|
|a [11] p.
|c 24 cm
|
| 490 |
0 |
|
|a Bulletin de la Société de Linguistique de Paris
|
| 561 |
|
|
|a Németh Gyula hagyaték
|
| 591 |
|
|
|a NOA 5597
|
| 650 |
|
4 |
|a Bölcsészettudományok
|
| 650 |
|
4 |
|a Nyelvek és irodalom
|
| 695 |
|
|
|a Mandzsu nyelv - alaktan
|
| 856 |
4 |
0 |
|u http://misc.bibl.u-szeged.hu/64776/1/5597_noa.pdf
|z Dokumentum-elérés
|